Biblioteca

Charlie Browns Cyclopedia (Registro nro. 48133)

Detalles MARC
000 -LÍDER
Campo fijo de descripción fija 005800000a22001810004500
001 - NÚMERO DE CONTROL
Campo de control 954
003 - IDENTIFICADOR DEL NÚMERO DE CONTROL
Campo de control CO-MdFUSB
005 - FECHA Y HORA DE LA ULTIMA TRANSACCIÓN
control field 20180710150134.0
008 - ELEMENTOS DE LONGITUD FIJA -- INFORMACIÓN GENERAL
Campo fijo de descripción fija -- Información general 180212b xxu||||| |||| 00| 0 eng d
020 ## - NÚMERO INTERNACIONAL NORMALIZADO PARA LIBROS
Número Internacional Normalizado del libro 0-8374-0039-2
040 ## - FUENTE DE CATALOGACIÓN
Agencia que realiza la transcripción CO-MdBIC
082 04 - NÚMERO DE CLASIFICACIÓN DECIMAL DEWEY
Número de clasificación 032 B81c
100 1# - ASIENTO PRINCIPAL--NOMBRE PERSONAL
Nombre personal Fortunato, Pat
245 10 - TÍTULO
Título del Material Charlie Browns Cyclopedia
260 ## - PUBLICACIÓN, DISTRIBUCIÓN, ETC. (PIE DE IMPRENTA)
Lugar de publicación, distribución, etc. New Jersey : Funk & Wagnalls
505 00 - NOTA DE CONTENIDO
Nota de contenido con formato preestablecido Volumen 1 Your Amazing Body Volumen 2 Animals through the ages Volumen 3 Blast off to space Volumen 4 Creatures of land and sea Volumen 5 cars, trains, and Other wheels
942 ## - TIPO DE MATERIAL (KOHA)
Tipo de Item KOHA Z- Libro General BINCO
Existencias
Estado de Material Estado de Perdido Forma de Clasificación Volumen-Parte/Tomo Estado de Dañado No para Préstamo Colección Tomo Biblioteca de Origen Biblioteca Permanente Fecha de Adquisición Total de Préstamos Signatura Topográfica Código de Barras Última vez visto Ejemplar/Existencia Fecha de Remplazo Tipo de Material Última vez Préstado
    Dewey Decimal Classification 5     Colección de Referencia   Biblioteca Infantil Comunitaria BINCO Biblioteca Infantil Comunitaria BINCO 08/05/2006   032 B81c5 B30540 24/11/2016 1 26/01/2016 Z- Libros de Referencia BINCO  
    Dewey Decimal Classification 1     Colección de Referencia   Biblioteca Infantil Comunitaria BINCO Biblioteca Infantil Comunitaria BINCO 08/05/2006   032 B81c1 B30883 24/11/2016 1 26/01/2016 Z- Libros de Referencia BINCO  
    Dewey Decimal Classification 4     Colección de Referencia   Biblioteca Infantil Comunitaria BINCO Biblioteca Infantil Comunitaria BINCO 08/05/2006 1 032 B81c4 B30730 25/11/2024 1 26/01/2016 Z- Libros de Referencia BINCO 27/10/2023
    Dewey Decimal Classification 3     Colección de Referencia   Biblioteca Infantil Comunitaria BINCO Biblioteca Infantil Comunitaria BINCO 08/05/2006   032 B81c3 B30543 24/11/2016 1 26/01/2016 Z- Libros de Referencia BINCO  
    Dewey Decimal Classification 2     Colección de Referencia   Biblioteca Infantil Comunitaria BINCO Biblioteca Infantil Comunitaria BINCO 08/05/2006   032 B81c2 B30542 24/11/2016 1 26/01/2016 Z- Libros de Referencia BINCO  
    Dewey Decimal Classification 1     Colección de Referencia   Biblioteca Infantil Comunitaria BINCO Biblioteca Infantil Comunitaria BINCO 08/05/2006   032 B81c1 B30541 24/11/2016 1 26/01/2016 Z- Libros de Referencia BINCO  

Biblioteca FUSBC | Teléfono: (57+4) 349 88 10 Ext. 141| WhatsApp (+57) 3005338115 
E-mail: biblioteca@unisbc.edu.co | Calle 76 87-14 Robledo Palenque, Medellín, Colombia

Con tecnología Koha